| 000 | 00420nam a22001337a 4500 | ||
|---|---|---|---|
| 020 | _a9788861305328 | ||
| 040 | _cNUST | ||
| 082 | _a739.270904 CAP | ||
| 100 |
_aCappellieri, Alba _988383 |
||
| 245 | _aTwentieth-Century Jewellery : From Art Nouveau To Contemporary Design In Europe And The United States | ||
| 260 |
_aNew York _bSkira _c2010. |
||
| 650 |
_aJewelry -- History -- 20th century. _988384 |
||
| 942 |
_2ddc _cBK |
||
| 999 |
_c587609 _d587609 |
||